| 000 | 01010nam a2200253 i 4500 | ||
|---|---|---|---|
| 001 | bg | ||
| 245 | 0 | 0 |
_aPrzewodnik po źródłach informacji o dokumentach Unii Europejskiej [Dokument elektroniczny] ; Vademecum - źródła informacji o Unii Europejskiej / _cUrząd Komitetu Integracji Europejskiej. Departament Dokumentacji Europejskiej ; Biblioteka Depozytowa Wspólnot Europejskich. |
| 255 | _aDane tekstowe | ||
| 260 |
_aWarszawa : _bUKIE, _c2002-2003. |
||
| 300 |
_a1 dysk optyczny (CD ROM) ; _c12 cm. |
||
| 500 | _aWymagania systemowe: Windows 98 lub mowsze ; czytnik CD. | ||
| 500 | _a1 poz. wydawnicza. | ||
| 610 | 2 | 9 | _aUnia Europejska |
| 610 | 2 | 9 |
_aUnia Europejska _xinformacja |
| 650 | 9 | _aŹródła informacji | |
| 650 | 9 | _aWyszukiwanie informacji | |
| 655 | _aDokumenty elektroniczne | ||
| 710 | 0 | _aUrząd Komitetu Integracji Europejskiej | |
| 040 | _cBPK | ||
| 041 | 0 | _apol | |
| 080 | _a339.923:061.1A/Z](4-67)(058):002 | ||
| 942 | _cCD | ||
| 008 | s pl f |000 0 pol | ||
| 999 |
_c24066 _d24066 |
||
| 856 |
_uhttp://koha.tu.koszalin.pl/cgi-bin/koha/opac-detail.pl?biblionumber=24066 _yKatalog online BPK |
||